00444 2200181 4500245003700000020001800037250001100055100001800066700002300084700002200107650001700129005001900146260004100165041001400206084001300220300002000233336000900253 aHappy BridecHoshino, MemihText a979-20-5733-1 aCet. 1 aHoshino, Memi aMuh. Aryo Agung W. aAstuti Pralestari aKomik Jepang a20230531085645 aJakartabElex Media Komputindoc2004 aIndonesia a741.5592 ailus. :c17 cm. atext